A Killer From a Horror Movie Wants To Ask You Something Quiz Stats

 Plays Quiz not verified by Sporcle

Support Sporcle.
Go Orange.
Score 0/16 Timer 06:00
0 Plays Today
% Correct
It
91.9%
Carrie
91.3%
The Shining
90.5%
Leprechaun
90.1%
Nightmare on Elm Street
88.2%
Friday the 13th
84.8%
The Exorcist
82.6%
Scream
79.6%
% Correct
Ready or Not
77.6%
Halloween
77.2%
The Blair Witch Project
75.1%
Child's Play
73.5%
Happy Death Day
71.2%
The Fog
68.4%
Let Me In
67.1%
Thinner
64.8%

You're not logged in!

Compare scores with friends on all Sporcle quizzes.
OR
Log In

From the Vault

Big 4 Worst of the Decade (1970s)

by Hejman

And we thought disco was the worst of the '70s.
Remove Ads.
Support Sporcle.
Get the best of Sporcle when you Go Orange. This ad-free experience offers more features, more stats, and more fun while also helping to support Sporcle. Thank you for becoming a member.

Show Comments

Extras

Top Quizzes Today


Score Distribution

Your Account Isn't Verified!

In order to create a playlist on Sporcle, you need to verify the email address you used during registration. Go to your Sporcle Settings to finish the process.

Report this User

Report this user for behavior that violates our Community Guidelines.

Details: